Statistics for Countries that border Romania

Click here to take the quiz!

General Stats

  • This quiz has been taken 79 times
  • The average score is 5 of 5

Answer Stats

Answer% Correct
Bulgaria
100%
Ukraine
100%
Hungary
99%
Serbia
97%
Moldova
96%

Score Distribution

Percentile by Number Answered

Percent of People with Each Score

Your Score History

You have not taken this quiz